Największe miasta w Pakistanie - Statystyki

Ogólne statystyki
  • Ten quiz został rozwiązany 12 razy
  • Średni wynik to 6 z 20
Statystyki odpowiedzi
Populacja Miasto % Poprawnych
18 868 021 Karaczi
100%
1 108 872 Islamabad
92%
13 004 135 Lahaur
67%
2 251 381 Multan
50%
3 691 999 Fajsalabad
42%
1 921 275 Hajdarabad
42%
1 905 975 Peszawar
42%
3 357 612 Rawalpindi
42%
1 565 546 Kweta
33%
903 795 Bahawalpur
17%
2 511 118 Gudźranwala
17%
911 817 Sijalkot
17%
563 851 Sukkur
17%
574 420 Gujrat
8%
538 344 Sahiwal
8%
975 886 Sargodha
8%
606 533 Jhang
0%
551 716 Larkana
0%
533 693 Okara
0%
591 424 Śekhupura
0%
Nie znaleziono quizów pasujących do podanych kryteriów
Rozkład punktacji
Procent ludzi z każdym wynikiem
Percentyl według liczby udzielonych odpowiedzi
Twoja historia wyników
Nie rozwiązałeś tego quizu